An event, perhaps"a biography of Jacques Derrida (Record no. 1225779)

MARC details
000 -LEADER
fixed length control field 00586nam a2200217Ia 4500
005 - DATE AND TIME OF LATEST TRANSACTION
control field 20241129105743.0
008 - FIXED-LENGTH DATA ELEMENTS--GENERAL INFORMATION
fixed length control field 241129s9999||||xx |||||||||||||| ||und||
020 ## - INTERNATIONAL STANDARD BOOK NUMBER
International Standard Book Number 978-1-78873-281-9
037 ## - SOURCE OF ACQUISITION
Stock number TB
040 ## - CATALOGING SOURCE
Original cataloging agency ARTS
Language of cataloging eng
Transcribing agency ARTS
041 ## - LANGUAGE CODE
Language code of text/sound track or separate title eng
Source of code eng
084 ## - COLON CLASSIFICATION NUMBER
Classification number R3xN30 R1
Assigning agency ARTS
100 ## - MAIN ENTRY--PERSONAL NAME
Personal name Salmon Peter Au.
9 (RLIN) 724597
245 #3 - TITLE STATEMENT
Title An event, perhaps"a biography of Jacques Derrida
Statement of responsibility, etc. Salmon Peter Au.
260 ## - PUBLICATION, DISTRIBUTION, ETC.
Place of publication, distribution, etc. UK
Name of publisher, distributor, etc. Verso
Date of publication, distribution, etc. 2021
300 ## - PHYSICAL DESCRIPTION
Extent 312p.
365 ## - TRADE PRICE
Price type code UKP
Price amount 9.99
650 ## - SUBJECT ADDED ENTRY--TOPICAL TERM
Topical term or geographic name entry element Philosophy
942 ## - ADDED ENTRY ELEMENTS (KOHA)
Koha item type Textbook
Classification part R3xN30 R1

No items available.

Copyright @ Delhi University Library System